Caja viajera de memoria histórica (Registro nro. 10368)
[ vista simple ]
| 000 -CABECERA | |
|---|---|
| Longitud fija campo de control | 01980ngm a2200277 a 4500 |
| 003 - • IDENTIFICADOR DELl NÚMERO DE CONTROL | |
| Identificador del número de control | CO-ViMGA |
| 005 - • FECHA Y HORA DE LA ÚLTIMA TRANSACCIÓN | |
| Fecha y hora de la última transacción | 20230915223801.0 |
| 008 - • CÓDIGOS DE INFORMACIÓN DE LONGITUD FIJA | |
| Códigos de información de longitud fija | 141017s2014 ck 000 g s vcspa d |
| 040 ## - FUENTE DE LA CATALOGACIÓN | |
| Centro catalogador de origen | CO-ViMGA |
| Lengua de catalogación | spa |
| Centro transcriptor | CO-ViMGA |
| 043 ## - CÓDIGO DE ÁREA GEOGRÁFICA | |
| Código de área geográfica | s-ck--- |
| 082 04 - • NÚMERO DE LA CLASIFICACIÓN DECIMAL DEWEY | |
| Número de clasificación (R) | 364.151 |
| Número de edición | 21 |
| Número del ítem | C25 |
| 110 2# - • PUNTO DE ACCESO PRINCIPAL-NOMBRE DE ENTIDAD CORPORATIVA | |
| Nombre de entidad corporativa o nombre de jurisdicción como elemento inicial | Centro Nacional de Memoria Histórica. |
| 245 10 - • TITULO PROPIAMENTE DICHO | |
| Título | Caja viajera de memoria histórica |
| Medio | [videograbación] : |
| Resto del título | siete documentales sobre el conflicto armado en Colombia / |
| Mención de responsabilidad, etc. | Centro Nacional de Memoria Histórica. |
| 300 ## - • DESCRIPCIÓN FÍSICA | |
| Extensión | 7 DVD : |
| Otras características físicas | digital ; |
| Dimensiones | 12 cm. |
| 500 ## - • NOTA GENERAL | |
| Nota general | Resumen de la obra tomada del sitio web del Centro de Memoria Histórica. |
| 505 0# - • NOTA DE CONTENIDO CON FORMATO | |
| Nota de contenido con formato | DVD 1. Mujeres tras las huellas de la memoria -- DVD 2. El Salado: rostros de una masacre -- DVD 3. Bojayá: la guerra sin límites -- DVD 4. Nunca más: Trujillo una tragedia que no cesa -- DVD 5. San Carlos: memorias del éxodo de la guerra -- DVD 6. Mampuján: crónica de un desplazamiento -- DVD 7. No hubo tiempo para la tristeza |
| 520 ## - • NOTA DE RESUMEN | |
| Resumen, etc, | [Una colección con los siete documentales que el CNMH ha realizado a lo largo de los últimos años. Cada uno de los videos es una muestra no solo del trabajo de investigación del Centro sino el reflejo de lo que ha sido la guerra, por ejemplo, en Trujillo, Bojayá o El Salado. Adicional a esto, La Caja Viajera incluye el documental, "No hubo tiempo para la tristeza", basado en el informe general {Basta ya! Colombia: memorias de guerra y dignidad] |
| 650 #4 - • PUNTO DE ACCESO ADICIONAL DE MATERIA - TÉRMINO DE MATERIA | |
| Término de materia o nombre geográfico como elemento inicial | Conflicto armado |
| Subdivisión geográfica | Colombia |
| Subdivisión de forma | Videodiscos digitales. |
| 650 #4 - • PUNTO DE ACCESO ADICIONAL DE MATERIA - TÉRMINO DE MATERIA | |
| Término de materia o nombre geográfico como elemento inicial | Guerra |
| Subdivisión geográfica | Colombia |
| Subdivisión de forma | Documentales |
| -- | Videodiscos digitales. |
| 650 #4 - • PUNTO DE ACCESO ADICIONAL DE MATERIA - TÉRMINO DE MATERIA | |
| Término de materia o nombre geográfico como elemento inicial | Masacre de Bojayá, Colombia, 2002 |
| Subdivisión de forma | Videodiscos digitales. |
| 650 #4 - • PUNTO DE ACCESO ADICIONAL DE MATERIA - TÉRMINO DE MATERIA | |
| Término de materia o nombre geográfico como elemento inicial | Masacres de Trujillo, Colombia, 1986-1994 |
| Subdivisión de forma | Videodiscos digitales. |
| 650 #4 - • PUNTO DE ACCESO ADICIONAL DE MATERIA - TÉRMINO DE MATERIA | |
| Término de materia o nombre geográfico como elemento inicial | Masacres |
| Subdivisión geográfica | El Salado (Colombia) |
| Subdivisión de forma | Videodiscos digitales. |
| 942 ## - ENTRADA DE ELEMENTOS AGREGADOS (KOHA) | |
| Fuente de clasificaión o esquema | Dewey Decimal Classification |
| Koha [por defecto] tipo de item | DVD |
| Perdido | Fuente de clasificación o esquema | Estado Físico | No para préstamo | Forma de adquisición | Localización permanente | Localización actual | Fecha adquisición | Préstamos totales | Signatura completa | Código de barras | Fecha última consulta | Número de copia | Fecha del precio de reemplazo | Tipo de item de Koha | Localización en estanterías |
|---|---|---|---|---|---|---|---|---|---|---|---|---|---|---|---|
| Dewey Decimal Classification | Sala General | Biblioteca Pública San Carlos de Guaroa - Eduardo Carranza | Biblioteca Pública San Carlos de Guaroa - Eduardo Carranza | 07/05/2024 | 364.151 C25 | SG01915 | 07/05/2024 | Ej.1 | 07/05/2024 | DVD | Audio Visual | ||||
| Dewey Decimal Classification | Sala General | Biblioteca Barrio Porfia - Villavicencio | Biblioteca Barrio Porfia - Villavicencio | 10/27/2016 | 364.151 C25 | 03.11768 | 06/22/2017 | Ej. 1 | 06/22/2017 | DVD | |||||
| Dewey Decimal Classification | Sala Especializada Tercer Piso | Biblioteca Pública Germán Arciniegas - Villavicencio | Biblioteca Pública Germán Arciniegas - Villavicencio | 10/27/2016 | 364.151 C25 | 06.11742 | 10/27/2016 | Ej. 1 | 10/27/2016 | DVD | |||||
| Dewey Decimal Classification | Colección General | Biblioteca Pública Uribe - Reinerio Arenas | Biblioteca Pública Uribe - Reinerio Arenas | 08/23/2024 | 364.151 C25 | URI01228 | 08/23/2024 | Ej.1 | 08/23/2024 | DVD | General |